000 00588nam a2200181Ia 4500
003 IN-BaIIA
008 211028s9999 xx 000 0 eng d
040 _cIIA Library
080 _a523.9:520.876
_bPRO
100 _aNoyes, R. W.
_913689
245 0 _aProbing the depths of a stars
_cR. W. Noyes
260 _aWashington
_bNational Aeronautics and Space Administration
_c1984
300 _axv, 76p.
650 _aAstronomy and astrophysics thesaurus
650 _aSolar oscillations
_97338
650 _aSpace physics
_93812
942 _cBK
999 _c8230
_d8230